Magyarország lakáshelyzetének statisztikai vizsgálata
| Szerző: | |
|---|---|
| Dokumentumtípus: | Diplomadolgozat |
| Kulcsszavak: | Lakáspiac Lakásállományi sajátosságok Tulajdonviszonyok Nem lakott - megszűnt lakások Lakásfinanszírozás finanszírozás lakáshitel önkormányzatok |
| Online Access: | http://dolgozattar.uni-bge.hu/49114 |
MARC
| LEADER | 00000nta a2200000 i 4500 | ||
|---|---|---|---|
| 001 | dolg49114 | ||
| 005 | 20231017114303.0 | ||
| 008 | 231017suuuu hu om 000 hun d | ||
| 040 | |a BGE Dolgozattár Repozitórium |b hun | ||
| 041 | |a hu | ||
| 100 | 1 | |a Szóger Krisztina | |
| 245 | 1 | 0 | |a Magyarország lakáshelyzetének statisztikai vizsgálata |c Szóger Krisztina |h [elektronikus dokumentum] |
| 695 | |a Lakáspiac | ||
| 695 | |a Lakásállományi sajátosságok | ||
| 695 | |a Tulajdonviszonyok | ||
| 695 | |a Nem lakott - megszűnt lakások | ||
| 695 | |a Lakásfinanszírozás | ||
| 695 | |a finanszírozás | ||
| 695 | |a lakáshitel | ||
| 695 | |a önkormányzatok | ||
| 856 | 4 | 0 | |u http://dolgozattar.uni-bge.hu/49114/1/00003886.doc |z Dokumentum-elérés |